[Event "Istanbul op-B 10th"]
[Site "Istanbul"]
[Date "2011.09.13"]
[Round "3"]
[White "Berkman, Baris"]
[Black "Ozoglu, Berker"]
[Result "1/2-1/2"]
[WhiteElo "1709"]
[BlackElo "1989"]
[PlyCount "103"]
[EventDate "2011.09.12"]
[EventType "swiss"]
[EventRounds "9"]
[EventCountry "TUR"]
[SourceTitle "CBM 144 Extra"]
[Source "ChessBase"]
[SourceDate "2011.10.28"]
[SourceVersion "1"]
[SourceVersionDate "2011.10.28"]
[SourceQuality "1"]

1. e4 d6 2. d4 Nd7 3. Nc3 g6 4. Be3 Bg7 5. Qd2 e5 6. Bc4 Nb6 7. Bb3 Be6 8. Nge2 Qe7 9. f4 exd4 10. Bxd4 Bxd4 11. Qxd4 Nf6 12. Nb5 0-0-0 13. Bxe6+ Qxe6 14. Qc3 Rd7 15. Nxa7+ Kb8 16. Nb5 Qxe4 17. Qxf6 Re8 18. Nbc3 Qxg2 19. 0-0-0 Rxe2 20. Nxe2 Qxe2 21. Rde1 Qf2 22. Qg5 c6 23. Qg3 Qc5 24. Rhf1 Nd5 25. a3 f5 26. Qf2 Qxf2 27. Rxf2 Nf6 28. Rfe2 Nd5 29. Rf1 Kc7 30. c4 Nf6 31. Kc2 d5 32. cxd5 Rxd5 33. Re7+ Kb6 34. Rf7 Ng4 35. Re1 Nxh2 36. Rxh7 Nf3 37. Ree7 Kc5 38. Rxb7 Ne1+ 39. Kb1 Rd1+ 40. Ka2 Nd3 41. Rhd7 Kc4 42. Rbc7 c5 43. Rb7 Nc1+ 44. Kb1 Rxd7 45. Rxd7 Ne2 46. Kc2 Nxf4 47. b3+ Kb5 48. a4+ Ka5 49. Rg7 c4 50. Kc3 cxb3 51. Kxb3 Ne6 52. Rxg6 1/2-1/2